[Event "Prague op"]
[Site "Prague"]
[Date "2024.03.01"]
[Round "3"]
[White "Kourkoulos Arditis, Stamatis"]
[Black "Shagbazyan, Taron"]
[Result "1/2-1/2"]
[WhiteElo "2556"]
[BlackElo "2388"]
[PlyCount "81"]
[EventDate "2024.02.28"]
[EventType "swiss"]
[EventRounds "9"]
[EventCountry "CZE"]
[SourceTitle "CB11_2024"]
[SourceDate "2024.03.13"]
[SourceVersion "1"]
[SourceVersionDate "2024.03.13"]
[SourceQuality "1"]

1. Nf3 Nf6 2. g3 d5 3. Bg2 c6 4. 0-0 Bf5 5. c4 e6 6. Qb3 Qb6 7. d3 Nbd7 8. cxd5 cxd5 9. Qxb6 Nxb6 10. Bf4 Bc5 11. Rc1 Rc8 12. Nbd2 Ke7 13. Nb3 Bd6 14. Be3 Rxc1+ 15. Rxc1 e5 16. Bc5 Nfd7 17. Bxd6+ Kxd6 18. e4 Bg6 19. Na5 Rb8 20. exd5 Bxd3 21. Ng5 Bg6 22. h4 h6 23. h5 hxg5 24. hxg6 fxg6 25. Be4 Nf6 26. Bxg6 e4 27. Re1 Kxd5 28. Rd1+ Ke5 29. Rc1 Rc8 30. Rxc8 Nxc8 31. Nxb7 Nd6 32. Nxd6 Kxd6 33. Kf1 Ke5 34. Ke2 Kd4 35. Bf7 Ng4 36. Be6 Ne5 37. b4 Nd3 38. a3 Nc1+ 39. Kd2 Nd3 40. Ke2 Nc1+ 41. Kf1 1/2-1/2

[Event "Prague op 22nd"]
[Site "Prague"]
[Date "2024.01.12"]
[Round "9"]
[White "Shagbazyan, Taron"]
[Black "Krstic, Andrija Marko"]
[Result "1/2-1/2"]
[WhiteElo "2403"]
[BlackElo "2113"]
[PlyCount "163"]
[EventDate "2024.01.05"]
[EventType "swiss"]
[EventRounds "9"]
[EventCountry "CZE"]
[SourceTitle "CB03_2024"]
[SourceDate "2024.01.17"]
[SourceVersion "1"]
[SourceVersionDate "2024.01.17"]
[SourceQuality "1"]

1. d4 d5 2. c4 c6 3. Nf3 Nf6 4. Nc3 e6 5. e3 Nbd7 6. Qc2 Bd6 7. Bd3 0-0 8. 0-0 dxc4 9. Bxc4 e5 10. b3 exd4 11. exd4 Nb6 12. Bg5 h6 13. Bh4 Be7 14. h3 Nh5 15. Bxe7 Qxe7 16. Rfe1 Qd8 17. Qe4 Nf6 18. Qf4 Nbd5 19. Nxd5 cxd5 20. Bd3 Be6 21. Ne5 Rc8 22. Rad1 Re8 23. Bb1 Nh5 24. Qf3 Nf6 25. Qe3 Qa5 26. f3 Qc3 27. Qf2 a5 28. g4 Nd7 29. h4 Nxe5 30. dxe5 Red8 31. Rd4 a4 32. Bd3 axb3 33. axb3 Ra8 34. b4 Ra2 35. Re2 Rxe2 36. Bxe2 Ra8 37. Rd3 Qxe5 38. Bf1 Ra1 39. Rd2 Rb1 40. b5 Bd7 41. Kg2 Bxb5 42. Bxb5 Rxb5 43. Re2 Qc3 44. Rc2 Qb3 45. Qe2 Kh7 46. h5 Rb4 47. Rd2 Qc4 48. Qe5 Qc6 49. Qf5+ Kg8 50. Rxd5 Rb2+ 51. Kh3 Qc7 52. Re5 Kf8 53. Qe4 Qc6 54. Qd3 Kg8 55. Rd5 Re2 56. Rd6 Re3 57. Rxc6 Rxd3 58. Rc8+ Kh7 59. Rc7 Rxf3+ 60. Kg2 Rb3 61. Rxf7 b5 62. Rb7 Kg8 63. Kf2 b4 64. Rb5 Rb2+ 65. Kf3 b3 66. g5 hxg5 67. Rxg5 Rh2 68. Kg3 b2 69. Rb5 Rc2 70. Rb7 Kf8 71. Kf4 Ke8 72. Ke4 Kd8 73. Kd3 Rh2 74. Kc3 Kc8 75. Rxb2 Rxb2 76. Kxb2 Kd7 77. h6 gxh6 78. Kc2 Ke6 79. Kd3 Kf5 80. Ke3 Kg4 81. Kf2 Kh3 82. Kg1 1/2-1/2

[Event "Prague op 22nd"]
[Site "Prague"]
[Date "2024.01.10"]
[Round "7"]
[White "Vidruska, Renate"]
[Black "Shagbazyan, Taron"]
[Result "0-1"]
[WhiteElo "1972"]
[BlackElo "2403"]
[PlyCount "62"]
[EventDate "2024.01.05"]
[EventType "swiss"]
[EventRounds "9"]
[EventCountry "CZE"]
[SourceTitle "CB03_2024"]
[SourceDate "2024.01.17"]
[SourceVersion "1"]
[SourceVersionDate "2024.01.17"]
[SourceQuality "1"]

1. e4 c6 2. d4 d5 3. Nd2 dxe4 4. Nxe4 Nf6 5. Nxf6+ exf6 6. c3 Bd6 7. Bd3 0-0 8. Qc2 Re8+ 9. Ne2 h5 10. 0-0 h4 11. h3 Nd7 12. Bd2 Nf8 13. Rae1 Bd7 14. f4 b5 15. c4 bxc4 16. Bxc4 f5 17. b4 Nh7 18. Qb3 Be6 19. Nc1 Bxc4 20. Qxc4 Qd7 21. Nb3 Nf6 22. Rc1 Rac8 23. Rf3 Nh5 24. d5 cxd5 25. Qxd5 Rxc1+ 26. Bxc1 Re1+ 27. Kf2 Rh1 28. Be3 Nf6 29. Qa8+ Kh7 30. Qxa7 Ne4+ 31. Ke2 Qb5# 0-1

[Event "Prague Mencik Memorial 6th"]
[Site "Prague"]
[Date "2023.09.24"]
[Round "5"]
[White "Shagbazyan, Taron"]
[Black "Richterova, Natasa"]
[Result "1-0"]
[WhiteElo "2426"]
[BlackElo "2061"]
[PlyCount "49"]
[EventDate "2023.09.24"]
[EventType "swiss"]
[EventRounds "9"]
[EventCountry "CZE"]
[SourceTitle "EXT 2024"]
[Source "ChessBase"]
[SourceDate "2023.10.10"]
[SourceVersion "1"]
[SourceVersionDate "2023.10.10"]
[SourceQuality "1"]

1. d4 d5 2. c4 c6 3. Nf3 Nf6 4. Nc3 a6 5. a4 g6 6. e3 Bg7 7. Qb3 0-0 8. Bd2 b6 9. Be2 Bg4 10. h3 Bxf3 11. Bxf3 e6 12. 0-0 Nbd7 13. Rfc1 Rc8 14. cxd5 exd5 15. Rc2 Re8 16. Rac1 Ne4 17. Nxe4 dxe4 18. Bg4 c5 19. a5 Rb8 20. axb6 Rxb6 21. Qa4 Nf6 22. Ba5 Nxg4 23. Bxb6 Qb8 24. hxg4 cxd4 25. Qxe8+ 1-0

[Event "Prague Mencik Memorial 6th"]
[Site "Prague"]
[Date "2023.09.24"]
[Round "9"]
[White "Vrana, Frantisek"]
[Black "Shagbazyan, Taron"]
[Result "1/2-1/2"]
[WhiteElo "2101"]
[BlackElo "2426"]
[PlyCount "73"]
[EventDate "2023.09.24"]
[EventType "swiss"]
[EventRounds "9"]
[EventCountry "CZE"]
[SourceTitle "EXT 2024"]
[Source "ChessBase"]
[SourceDate "2023.10.10"]
[SourceVersion "1"]
[SourceVersionDate "2023.10.10"]
[SourceQuality "1"]

1. e4 e5 2. Nf3 Nc6 3. Nc3 Nf6 4. d4 exd4 5. Nxd4 Bb4 6. Nxc6 bxc6 7. Bd3 d5 8. exd5 0-0 9. 0-0 Bg4 10. f3 Bh5 11. Bg5 Qd6 12. Ne4 Nxe4 13. Bxe4 f5 14. Bd3 cxd5 15. Kh1 f4 16. c3 Bc5 17. b4 Be3 18. Qc2 h6 19. Bh4 Kh8 20. c4 dxc4 21. Qxc4 Rae8 22. Rad1 Bf7 23. Qc3 Qe5 24. Qxe5 Rxe5 25. a3 c5 26. bxc5 Bxc5 27. a4 Bb3 28. Ra1 a5 29. Bb5 Bb4 30. Be1 Bxe1 31. Rfxe1 Rxe1+ 32. Rxe1 Rd8 33. Kg1 g5 34. Kf2 Rd4 35. Re8+ Kg7 36. Ra8 Bxa4 37. Rxa5 1/2-1/2

[Event "Prague Golden Blitz op"]
[Site "Prague"]
[Date "2023.06.18"]
[Round "7"]
[White "Shagbazyan, Taron"]
[Black "Plat, Vojtech"]
[Result "1/2-1/2"]
[WhiteElo "2499"]
[BlackElo "2542"]
[PlyCount "108"]
[EventDate "2023.06.18"]
[EventType "swiss (blitz)"]
[EventRounds "11"]
[EventCountry "CZE"]
[SourceTitle "CBM 215 Extra"]
[Source "ChessBase"]
[SourceDate "2023.09.30"]
[SourceVersion "1"]
[SourceVersionDate "2023.09.30"]
[SourceQuality "1"]

1. d4 d6 2. Nf3 Bg4 3. c4 c6 4. Qb3 Qb6 5. e3 Nd7 6. Be2 e5 7. 0-0 Ngf6 8. h3 Bh5 9. Nc3 Be7 10. Rd1 Qc7 11. Nh4 Bg6 12. Nxg6 hxg6 13. Bf3 Nh7 14. d5 Ng5 15. Be2 e4 16. Bd2 Nf6 17. Bf1 c5 18. Qa4+ Kf8 19. b4 b6 20. bxc5 dxc5 21. Qc6 Qxc6 22. dxc6 Rc8 23. a4 Rxc6 24. a5 Kg8 25. axb6 axb6 26. Ra7 Bd6 27. Nd5 Nxd5 28. cxd5 Rc8 29. Rb7 Rd8 30. Rxb6 Kh7 31. Bc3 f6 32. Rb7 Rhf8 33. Ra1 Nf7 34. Raa7 Kg8 35. h4 Rb8 36. Bb5 Rxb7 37. Rxb7 Rb8 38. Rxb8+ Bxb8 39. Bd7 Kf8 40. Be6 Nd8 41. Bc8 Ke7 42. f3 exf3 43. gxf3 Bg3 44. Ba5 Nf7 45. Bb6 Kd6 46. Be6 Ne5 47. Ba7 Nd7 48. Bxd7 Kxd7 49. Bxc5 Bxh4 50. e4 Bg3 51. Kg2 Be5 52. Kf2 g5 53. Ke3 g6 54. Kf2 f5 1/2-1/2

[Event "Prague Golden Rapid op"]
[Site "Prague"]
[Date "2023.06.17"]
[Round "8"]
[White "Shagbazyan, Taron"]
[Black "Fantaz, Maksim"]
[Result "1-0"]
[WhiteElo "2439"]
[BlackElo "1862"]
[PlyCount "91"]
[EventDate "2023.06.17"]
[EventType "swiss (rapid)"]
[EventRounds "9"]
[EventCountry "CZE"]
[SourceTitle "CBM 215 Extra"]
[Source "ChessBase"]
[SourceDate "2023.09.30"]
[SourceVersion "1"]
[SourceVersionDate "2023.09.30"]
[SourceQuality "1"]

1. d4 Nf6 2. c4 e5 3. dxe5 Ng4 4. e4 Nxe5 5. f4 Nec6 6. Nc3 Bb4 7. Nge2 d6 8. a3 Ba5 9. Be3 Bg4 10. Qd3 Bxe2 11. Bxe2 Bxc3+ 12. Qxc3 0-0 13. 0-0 Qe7 14. Bf3 Nd7 15. Rae1 Rae8 16. b4 Kh8 17. Bf2 f6 18. a4 Qf7 19. a5 a6 20. Rb1 f5 21. exf5 Qxf5 22. b5 Nd8 23. Bd4 Nf6 24. g3 c6 25. bxa6 bxa6 26. c5 d5 27. Rbe1 Ne6 28. Re5 Qh3 29. Rfe1 Nxd4 30. Qxd4 Rb8 31. Bg2 Qh6 32. Re6 Rbe8 33. Qe5 Rxe6 34. Qxe6 Qh5 35. Qxc6 d4 36. Qd6 Re8 37. Rxe8+ Qxe8 38. Qxd4 Qe1+ 39. Bf1 Qxa5 40. c6 h6 41. h3 Nh5 42. Kh2 Qa2+ 43. Bg2 Qb3 44. Qf2 Qc3 45. Qf3 Qc5 46. Qd5 1-0

[Event "Plzen IM 11th"]
[Site "Plzen"]
[Date "2023.03.06"]
[Round "3"]
[White "Plischki, Sebastian"]
[Black "Shagbazyan, Taron"]
[Result "1/2-1/2"]
[WhiteElo "2325"]
[BlackElo "2409"]
[PlyCount "52"]
[EventDate "2023.03.04"]
[EventType "tourn"]
[EventRounds "9"]
[EventCountry "CZE"]
[EventCategory "1"]
[SourceTitle "CBM 213 Extra"]
[Source "ChessBase"]
[SourceDate "2023.05.31"]
[SourceVersion "1"]
[SourceVersionDate "2023.05.31"]
[SourceQuality "1"]

1. Nf3 Nf6 2. c4 c6 3. g3 d5 4. Bg2 Bf5 5. 0-0 e6 6. cxd5 cxd5 7. Qb3 Qb6 8. Qxb6 axb6 9. Nc3 Nc6 10. d3 Be7 11. Bd2 0-0 12. a3 h6 13. b4 Rfd8 14. Rfc1 e5 15. Nb5 Rac8 16. d4 e4 17. Ne5 Nxe5 18. dxe5 Ng4 19. Bc3 f6 20. exf6 Bxf6 21. Bxf6 Nxf6 22. Rxc8 Bxc8 23. Rc1 Bd7 24. Nd4 Rc8 25. Rxc8+ Bxc8 26. f3 exf3 1/2-1/2

[Event "SVK-ch Blitz"]
[Site "Nitra"]
[Date "2022.10.29"]
[Round "8"]
[White "Sahidi, Samir"]
[Black "Shagbazyan, Taron"]
[Result "1-0"]
[WhiteElo "2467"]
[BlackElo "2510"]
[PlyCount "93"]
[EventDate "2022.10.29"]
[EventType "swiss"]
[EventRounds "13"]
[EventCountry "SVK"]
[SourceTitle "EXT 2024"]
[Source "ChessBase"]
[SourceDate "2023.10.10"]
[SourceVersion "1"]
[SourceVersionDate "2023.10.10"]
[SourceQuality "1"]

1. e4 e5 2. Nf3 Nc6 3. Bb5 Nge7 4. 0-0 Ng6 5. c3 d6 6. d4 Bd7 7. Be3 Be7 8. Nbd2 0-0 9. Ba4 Kh8 10. Re1 a6 11. Nf1 Nh4 12. Nxh4 Bxh4 13. Ng3 Bg5 14. Bb3 Bxe3 15. Rxe3 g6 16. Qd2 Qe7 17. Rae1 Rad8 18. h3 Kg7 19. Rf3 Na5 20. Bc2 Nc4 21. Qc1 b5 22. b3 Nb6 23. Rd1 c5 24. Rfd3 cxd4 25. cxd4 Rc8 26. Qb2 Rc7 27. Bb1 Re8 28. Qa3 Bc8 29. Qa5 Na8 30. dxe5 dxe5 31. Rd6 Bb7 32. Kh2 h5 33. Qd2 Rh8 34. Nf1 h4 35. Ne3 Bc6 36. Ng4 Nb6 37. Qb2 Nd7 38. Qd2 Nc5 39. Qe3 Nb7 40. R6d2 Rd7 41. Qb6 Rxd2 42. Rxd2 Rc8 43. Qe3 Rh8 44. Qc3 Bd7 45. Nxe5 Rc8 46. Nc6+ Qf6 47. Qxf6+ 1-0

[Event "SVK-ch Blitz"]
[Site "Nitra"]
[Date "2022.10.29"]
[Round "5"]
[White "Shagbazyan, Taron"]
[Black "Pacher, Milan"]
[Result "0-1"]
[WhiteElo "2510"]
[BlackElo "2334"]
[PlyCount "78"]
[EventDate "2022.10.29"]
[EventType "swiss"]
[EventRounds "13"]
[EventCountry "SVK"]
[SourceTitle "EXT 2024"]
[Source "ChessBase"]
[SourceDate "2023.10.10"]
[SourceVersion "1"]
[SourceVersionDate "2023.10.10"]
[SourceQuality "1"]

1. d4 Nf6 2. c4 e6 3. Nc3 Bb4 4. e3 d5 5. Nf3 0-0 6. Bd3 b6 7. 0-0 Bb7 8. a3 Bxc3 9. bxc3 dxc4 10. Bxc4 c5 11. Qe2 Nc6 12. Rd1 Na5 13. Bd3 Be4 14. Bb2 Qd5 15. Rab1 c4 16. Bxe4 Nxe4 17. Ne1 f5 18. f3 Ng5 19. Nc2 Rf6 20. Re1 Raf8 21. h4 Nf7 22. e4 fxe4 23. fxe4 Qd8 24. Ne3 Rf4 25. Nxc4 Nxc4 26. Qxc4 Qxh4 27. Qe2 Ng5 28. Rf1 Nxe4 29. Rxf4 Qxf4 30. Re1 Ng3 31. Qxe6+ Kh8 32. Qe7 Qf2+ 33. Kh2 Nf1+ 34. Kh1 h6 35. Bc1 Rf5 36. Qe8+ Kh7 37. Re2 Ng3+ 38. Kh2 Nxe2 39. Be3 Qg3+ 0-1

[Event "SVK-ch Blitz"]
[Site "Nitra"]
[Date "2022.10.29"]
[Round "2"]
[White "Skreno, Vladimir"]
[Black "Shagbazyan, Taron"]
[Result "0-1"]
[WhiteElo "2000"]
[BlackElo "2510"]
[PlyCount "62"]
[EventDate "2022.10.29"]
[EventType "swiss"]
[EventRounds "13"]
[EventCountry "SVK"]
[SourceTitle "EXT 2024"]
[Source "ChessBase"]
[SourceDate "2023.10.10"]
[SourceVersion "1"]
[SourceVersionDate "2023.10.10"]
[SourceQuality "1"]

1. d4 Nf6 2. Nf3 d5 3. c4 e6 4. cxd5 exd5 5. Nc3 c6 6. Bg5 Be7 7. e3 Bf5 8. Bxf6 Bxf6 9. Be2 0-0 10. 0-0 Nd7 11. b4 a6 12. a4 Re8 13. b5 a5 14. Rc1 Nb6 15. Qb3 Rb8 16. Rfe1 Qd6 17. Na2 Bd7 18. Rc5 Qc7 19. Rec1 Be7 20. R5c2 Bd6 21. Nc3 Bf5 22. Rb2 Qd7 23. Bf1 h6 24. Ne2 Nc4 25. Ra2 Bb4 26. Ng3 Be6 27. Bxc4 dxc4 28. bxc6 cxb3 29. cxd7 bxa2 30. dxe8Q+ Rxe8 31. h3 Ba3 0-1

[Event "SVK-ch Blitz"]
[Site "Nitra"]
[Date "2022.10.29"]
[Round "13"]
[White "Turcan, Richard"]
[Black "Shagbazyan, Taron"]
[Result "1/2-1/2"]
[WhiteElo "2246"]
[BlackElo "2510"]
[PlyCount "125"]
[EventDate "2022.10.29"]
[EventType "swiss"]
[EventRounds "13"]
[EventCountry "SVK"]
[SourceTitle "EXT 2024"]
[Source "ChessBase"]
[SourceDate "2023.10.10"]
[SourceVersion "1"]
[SourceVersionDate "2023.10.10"]
[SourceQuality "1"]

1. e4 e5 2. Nf3 Nc6 3. Bb5 Nge7 4. 0-0 Ng6 5. c3 d6 6. d4 Bd7 7. d5 Nb8 8. Bxd7+ Nxd7 9. c4 Be7 10. Nc3 0-0 11. Be3 h6 12. Qd2 f5 13. exf5 Rxf5 14. Ne4 Qf8 15. Ne1 Nh4 16. b4 Rf7 17. Rc1 Nf5 18. Nd3 Nf6 19. Nxf6+ Bxf6 20. c5 Re8 21. cxd6 Qxd6 22. Nc5 b6 23. Ne4 Qd7 24. Rc6 Ne7 25. Nxf6+ gxf6 26. Rc4 Qxd5 27. Rxc7 Qxd2 28. Bxd2 Nd5 29. Rxf7 Kxf7 30. Rc1 h5 31. b5 Rd8 32. a4 Rd7 33. a5 bxa5 34. Bxa5 Nf4 35. Rc7 Rxc7 36. Bxc7 Ne2+ 37. Kf1 Nc3 38. b6 axb6 39. Bxb6 f5 40. Ba5 Nb5 41. Ke2 Ke6 42. Bd2 Kd5 43. Kf3 f4 44. Ke2 Nd4+ 45. Kf1 Kc4 46. f3 Kd3 47. Ba5 Nf5 48. Bc7 Kd4 49. Kf2 Ne3 50. Bb6+ Kd3 51. Bc7 Nd1+ 52. Ke1 Ne3 53. Bxe5 Nxg2+ 54. Kf2 Ne3 55. Bxf4 Nf5 56. Be5 Kc4 57. f4 Kd5 58. Kf3 Nh4+ 59. Kf2 Ke4 60. Kg3 Nf5+ 61. Kf2 Ne3 62. h3 Nf5 63. Bc7 1/2-1/2

[Event "Titled Tuesday intern op 24th Nov"]
[Site "Chess.com INT"]
[Date "2020.11.24"]
[Round "4"]
[White "Quparadze, Giga"]
[Black "Shagbazyan, Taron"]
[Result "1-0"]
[WhiteElo "2463"]
[BlackElo "2404"]
[PlyCount "55"]
[EventDate "2020.11.24"]
[EventType "swiss (blitz)"]
[EventRounds "11"]
[EventCountry "USA"]
[SourceTitle "CBM 199 Extra"]
[Source "ChessBase"]
[SourceDate "2021.01.31"]
[SourceVersion "1"]
[SourceVersionDate "2021.01.31"]
[SourceQuality "1"]

1. e4 Nf6 2. e5 Nd5 3. Nf3 d6 4. d4 Bg4 5. Be2 c6 6. 0-0 e6 7. c4 Nc7 8. Bf4 d5 9. c5 Be7 10. Nc3 0-0 11. b4 Nd7 12. Re1 h6 13. h3 Bf5 14. Bh2 Bh7 15. Bd3 a5 16. Bxh7+ Kxh7 17. b5 cxb5 18. Nxb5 g6 19. Nd6 Ra7 20. Rb1 Qa8 21. Qa4 Nb8 22. h4 Kg7 23. Bf4 Nc6 24. Rb6 Nb4 25. Rb1 Rb8 26. a3 Nc6 27. Qxc6 bxc6 28. Rxb8 1-0

[Event "Titled Tuesday intern op 17th Nov"]
[Site "Chess.com INT"]
[Date "2020.11.17"]
[Round "9"]
[White "Diaz Rosas, Julio Cesar"]
[Black "Shagbazyan, Taron"]
[Result "0-1"]
[WhiteElo "2367"]
[BlackElo "2404"]
[PlyCount "74"]
[EventDate "2020.11.17"]
[EventType "swiss (blitz)"]
[EventRounds "11"]
[EventCountry "USA"]
[SourceTitle "CBM 199 Extra"]
[Source "ChessBase"]
[SourceDate "2021.01.31"]
[SourceVersion "1"]
[SourceVersionDate "2021.01.31"]
[SourceQuality "1"]

1. e4 e5 2. Nf3 Nc6 3. Bb5 a6 4. Ba4 Nf6 5. 0-0 Bc5 6. c3 b5 7. Bb3 d6 8. d4 Bb6 9. a4 Rb8 10. a5 Ba7 11. Be3 exd4 12. Nxd4 Nxd4 13. Bxd4 Bxd4 14. cxd4 0-0 15. Re1 c5 16. Nd2 c4 17. Bc2 Bg4 18. Qb1 h6 19. Nf1 Re8 20. Ng3 Qc7 21. Qc1 Bd7 22. Qf4 Re7 23. b4 Rbe8 24. f3 Nd5 25. exd5 Rxe1+ 26. Rxe1 Rxe1+ 27. Kf2 Ra1 28. Qe4 Ra2 29. Qh7+ Kf8 30. Ne2 c3 31. Bd3 c2 32. Qh8+ Ke7 33. Qxg7 c1Q 34. Bg6 Rxe2+ 35. Kxe2 Qb2+ 36. Ke3 Qcc1+ 37. Ke4 Qe2# 0-1

[Event "Titled Tuesday intern op 17th Nov"]
[Site "Chess.com INT"]
[Date "2020.11.17"]
[Round "2"]
[White "Shagbazyan, Taron"]
[Black "Mouhamad, Joachin"]
[Result "1-0"]
[WhiteElo "2404"]
[BlackElo "2239"]
[PlyCount "87"]
[EventDate "2020.11.17"]
[EventType "swiss (blitz)"]
[EventRounds "11"]
[EventCountry "USA"]
[SourceTitle "CBM 199 Extra"]
[Source "ChessBase"]
[SourceDate "2021.01.31"]
[SourceVersion "1"]
[SourceVersionDate "2021.01.31"]
[SourceQuality "1"]

1. d4 Nf6 2. c4 g6 3. g3 c6 4. Bg2 d5 5. Nd2 Bg7 6. Ngf3 0-0 7. 0-0 Ne4 8. e3 Nd7 9. b3 Ndf6 10. Bb2 Bf5 11. h3 Rc8 12. Qe2 h6 13. Rfd1 a6 14. Nf1 g5 15. Ne5 Nd7 16. Nd3 Bg6 17. Rac1 e6 18. Nd2 f5 19. Nf3 Bh5 20. Qc2 Bxf3 21. Bxf3 Qe8 22. Qe2 Qg6 23. Bh5 Qf6 24. a4 Qe7 25. a5 Rf6 26. Kh2 Rff8 27. f4 Kh8 28. Bf3 Bf6 29. Rg1 Rg8 30. Rg2 Rg7 31. Rcg1 Rcg8 32. Ne5 Bxe5 33. dxe5 Qb4 34. Bxe4 fxe4 35. f5 Nf8 36. f6 Rg6 37. Qc2 Qxa5 38. cxd5 cxd5 39. Rc1 Qb6 40. Bd4 Qd8 41. Qc5 Nd7 42. Qd6 Qe8 43. Rc7 Nb8 44. f7 1-0

[Event "Titled Tuesday intern op 17th Nov"]
[Site "Chess.com INT"]
[Date "2020.11.17"]
[Round "6"]
[White "Vetokhin, Savva"]
[Black "Shagbazyan, Taron"]
[Result "0-1"]
[WhiteElo "2317"]
[BlackElo "2404"]
[PlyCount "80"]
[EventDate "2020.11.17"]
[EventType "swiss (blitz)"]
[EventRounds "11"]
[EventCountry "USA"]
[SourceTitle "CBM 199 Extra"]
[Source "ChessBase"]
[SourceDate "2021.01.31"]
[SourceVersion "1"]
[SourceVersionDate "2021.01.31"]
[SourceQuality "1"]

1. d4 Nf6 2. Nc3 d5 3. Bf4 a6 4. e3 c5 5. Nf3 Nc6 6. Bd3 Bg4 7. Be2 e6 8. 0-0 Be7 9. h3 Bh5 10. Ne5 Bxe2 11. Nxe2 Rc8 12. c3 0-0 13. Bh2 b5 14. f4 b4 15. f5 bxc3 16. bxc3 Ne4 17. fxe6 Nxe5 18. Bxe5 fxe6 19. Nf4 Rc6 20. Qg4 Nf6 21. Bxf6 Rxf6 22. Nh5 Rg6 23. Qf4 Qe8 24. e4 cxd4 25. cxd4 Rc2 26. Rf2 Bg5 27. Qf3 Rxf2 28. Qxf2 dxe4 29. Qe2 e3 30. Qxa6 Bf6 31. Qd3 Qc6 32. Nf4 Rg3 33. Re1 Bg5 34. d5 Qb6 35. Qe4 e2+ 36. Kh2 Qf2 37. Qxe6+ Kf8 38. Rxe2 Rxg2+ 39. Nxg2 Bf4+ 40. Kh1 Qf1# 0-1

[Event "Titled Tuesday intern op 15th Sept"]
[Site "Chess.com INT"]
[Date "2020.09.15"]
[Round "3"]
[White "Baches Garcia, Guillermo"]
[Black "Shagbazyan, Taron"]
[Result "1/2-1/2"]
[WhiteElo "2329"]
[BlackElo "2404"]
[PlyCount "59"]
[EventDate "2020.09.15"]
[EventType "swiss (blitz)"]
[EventRounds "10"]
[EventCountry "USA"]
[SourceTitle "CBM 198 Extra"]
[Source "ChessBase"]
[SourceDate "2020.11.30"]
[SourceVersion "1"]
[SourceVersionDate "2020.11.30"]
[SourceQuality "1"]

1. e4 e5 2. Nf3 Nc6 3. Nc3 Nf6 4. d4 exd4 5. Nxd4 Bb4 6. Nxc6 bxc6 7. Bd3 d5 8. Bd2 Bg4 9. Qc1 d4 10. Ne2 c5 11. Bxb4 cxb4 12. Qg5 Bxe2 13. Kxe2 0-0 14. Rhe1 Nd7 15. Qxd8 Rfxd8 16. a3 a5 17. Kd2 Nb6 18. b3 Kf8 19. f4 c5 20. g4 Ke7 21. h4 h6 22. g5 hxg5 23. hxg5 Rh8 24. axb4 axb4 25. Rxa8 Rxa8 26. Rh1 Rg8 27. Ra1 Ra8 28. Rh1 Rg8 29. Ra1 Ra8 30. Rh1 1/2-1/2

[Event "Titled Tuesday intern op 08th Sept"]
[Site "Chess.com INT"]
[Date "2020.09.08"]
[Round "7"]
[White "Ceres, Dragos"]
[Black "Shagbazyan, Taron"]
[Result "0-1"]
[WhiteElo "2244"]
[BlackElo "2404"]
[PlyCount "94"]
[EventDate "2020.09.08"]
[EventType "swiss (blitz)"]
[EventRounds "10"]
[EventCountry "USA"]
[SourceTitle "CBM 198 Extra"]
[Source "ChessBase"]
[SourceDate "2020.11.30"]
[SourceVersion "1"]
[SourceVersionDate "2020.11.30"]
[SourceQuality "1"]

1. e4 e5 2. Nf3 Nc6 3. Bc4 Bc5 4. d3 d6 5. 0-0 Nf6 6. c3 0-0 7. Bb3 h6 8. Nbd2 a6 9. h3 Kh8 10. Re1 Ng8 11. Nf1 f5 12. exf5 Bxf5 13. Ng3 Bh7 14. Be3 Bxe3 15. Rxe3 Nge7 16. d4 Ng6 17. Bc2 exd4 18. Nxd4 Nce5 19. Ne6 Qf6 20. Nxf8 Rxf8 21. Ne4 Qh4 22. Qd4 Nf4 23. Ng3 Bxc2 24. Rae1 Bg6 25. Qb4 Qf6 26. Rf1 b6 27. Qd4 a5 28. Ne4 Bxe4 29. Qxe4 Qg5 30. Rg3 Qh4 31. Re1 Qf6 32. Rf1 Nfd3 33. Qe2 Nc5 34. b4 axb4 35. cxb4 Ne6 36. Qe4 Nf4 37. a4 c5 38. a5 d5 39. Qe3 d4 40. Qe4 d3 41. axb6 Ne2+ 42. Kh2 Nxg3 43. Kxg3 d2 44. bxc5 Rd8 45. f4 Nd3 46. Rd1 Nxc5 47. Qe3 Rd3 0-1

[Event "Titled Tuesday intern op 08th Sept"]
[Site "Chess.com INT"]
[Date "2020.09.08"]
[Round "3"]
[White "Shagbazyan, Taron"]
[Black "Bhakti, Kulkarni"]
[Result "1-0"]
[WhiteElo "2404"]
[BlackElo "2391"]
[PlyCount "57"]
[EventDate "2020.09.08"]
[EventType "swiss (blitz)"]
[EventRounds "10"]
[EventCountry "USA"]
[SourceTitle "CBM 198 Extra"]
[Source "ChessBase"]
[SourceDate "2020.11.30"]
[SourceVersion "1"]
[SourceVersionDate "2020.11.30"]
[SourceQuality "1"]

1. d4 d6 2. e4 Nf6 3. Nc3 e5 4. f4 exd4 5. Qxd4 Nc6 6. Qd1 Be7 7. Nf3 0-0 8. a3 Re8 9. Bd3 d5 10. e5 Bc5 11. b4 Bb6 12. Na4 Ne4 13. Nxb6 axb6 14. Bb2 f5 15. 0-0 Be6 16. Qe1 Qe7 17. Rc1 Red8 18. c4 dxc4 19. Bxe4 fxe4 20. Qxe4 Bd5 21. Qe2 g6 22. Nd2 b5 23. f5 gxf5 24. Rxf5 Be6 25. Rf6 Nd4 26. Qh5 Nb3 27. Nxb3 cxb3 28. Rcf1 Rd2 29. Qg5+ 1-0